Granja integral autosuficiente / Hogares Juveniles Campesinos (Registro nro. 11051)
[ vista simple ]
| 000 -LEADER | |
|---|---|
| fixed length control field | 00634nam a22002051a 4500 |
| 001 - CONTROL NUMBER | |
| control field | 11051 |
| 003 - CONTROL NUMBER IDENTIFIER | |
| control field | OSt |
| 005 - DATE AND TIME OF LATEST TRANSACTION | |
| control field | 20260204212225.0 |
| 008 - FIXED-LENGTH DATA ELEMENTS--GENERAL INFORMATION | |
| fixed length control field | 101117s2010||||ck ||||||b||||||||||spa|| |
| 020 ## - NUMERO DE LIBRO INTERNACIONAL NORMALIZADO | |
| International Standard Book Number | 9789588595023 |
| 050 ## - LIBRARY OF CONGRESS CALL NUMBER | |
| Classification number | R 630 H679g |
| 110 ## - ASIENTO PRINCIPAL -- NOMBRE CORPORATIVO | |
| Corporate name or jurisdiction name as entry element | Hogares Juveniles Campesinos |
| 245 ## - TÍTULO PROPIAMENTE DICHO: SUBTÍTULO | |
| Title | Granja integral autosuficiente / Hogares Juveniles Campesinos |
| 264 ## - PRODUCTION, PUBLICATION, DISTRIBUTION, MANUFACTURE, AND COPYRIGHT NOTICE | |
| Place of production, publication, distribution, manufacture | Colombia : Lexus |
| 300 ## - PHYSICAL DESCRIPTION | |
| Extensión | 204 p |
| 500 ## - GENERAL NOTE | |
| General note | Incluye indice y bibliografía |
| 650 ## - ASIENTO SECUNDARIO DE MATERIA -- TERMINO TEMÁTICO | |
| Termino Temático Como Elemento de Entrada | Agropecuaria 2.Agricultura - Tecnología 3.Administración Agropecuaria |
| 700 ## - ASIENTO SECUNDARIO -- NOMBRE PERSONAL | |
| Personal name | Palomino Aguirre, Sandra II.Ramírez Aza, MarcelaÌ |
| 942 ## - ADDED ENTRY ELEMENTS (KOHA) | |
| Source of classification or shelving scheme | Dewey Decimal Classification |
| Koha item type | Libros |
| Withdrawn status | Lost status | Source of classification or shelving scheme | Damaged status | Not for loan | Current library | Date acquired | Total Checkouts | Full call number | Barcode | Date last seen | Price effective from | Koha item type |
|---|---|---|---|---|---|---|---|---|---|---|---|---|
| Dewey Decimal Classification | Biblioteca UTECO | 09/09/2019 | R 630 H679G | 015482 | 09/09/2019 | 09/09/2019 | Libros |
